|
|
|
|
| LEADER |
00940nam a2200325 4500 |
| 001 |
DLU090098076 |
| 005 |
##20091201 |
| 040 |
# |
# |
|a DLU
|b eng
|
| 041 |
# |
# |
|a eng
|
| 044 |
# |
# |
|a us
|
| 245 |
# |
# |
|a Rational engineering of the TOL meta-cleavage pathway /
|c Rose Sheridan ... [et al.].
|
| 653 |
# |
# |
|a Biochemical systems theory
|
| 653 |
# |
# |
|a MCA
|
| 653 |
# |
# |
|a Metabolic control analysis
|
| 653 |
# |
# |
|a TOL
|
| 700 |
# |
# |
|a Dunnill, Peter.
|
| 700 |
# |
# |
|a Jackson, Graham A.
|
| 700 |
# |
# |
|a Regan, Lucy.
|
| 700 |
# |
# |
|a Sheridan, Rose.
|
| 700 |
# |
# |
|a Ward, John.
|
| 773 |
# |
# |
|t Biotechnology and Bioengineering
|g Vol. 58, no. 2-3 (April 1998), p. 240-249
|
| 920 |
# |
# |
|a Phòng Tạp chí -- Trung tâm Thông tin - Thư viện Trường Đại học Đà Lạt
|
| 994 |
# |
# |
|a DLU
|
| 900 |
# |
# |
|a True
|
| 911 |
# |
# |
|a Trương Bảo Trâm Anh
|
| 925 |
# |
# |
|a G
|
| 926 |
# |
# |
|a A
|
| 927 |
# |
# |
|a BB
|
| 980 |
# |
# |
|a Thư viện Trường Đại học Đà Lạt
|